[Event "BCF-chT 2324 (4NCL)"]
[Site "England"]
[Date "2024.02.10"]
[Round "5.5"]
[White "Zulfic, Fedja"]
[Black "Garcia Martin, Marta"]
[Result "0-1"]
[WhiteElo "2115"]
[BlackElo "2351"]
[PlyCount "74"]
[EventDate "2023.11.11"]
[EventType "team-tourn"]
[EventRounds "11"]
[EventCountry "ENG"]
[SourceTitle "CB11_2024"]
[SourceDate "2024.03.13"]
[SourceVersion "1"]
[SourceVersionDate "2024.03.13"]
[SourceQuality "1"]
[WhiteTeam "Celtic Tigers"]
[BlackTeam "The Sharks"]
[WhiteTeamCountry "ENG"]
[BlackTeamCountry "ENG"]

1. d4 d5 2. Bf4 Nf6 3. e3 c5 4. dxc5 g6 5. Nf3 Bg7 6. Nc3 0-0 7. Be2 Qa5 8. 0-0 Qxc5 9. Nd4 Nc6 10. Nb3 Qb6 11. Nxd5 Nxd5 12. Qxd5 Be6 13. Qf3 Bxb2 14. Rab1 Bg7 15. Qg3 Rac8 16. Bf3 Bxb3 17. Rxb3 Qa6 18. Bxc6 Rxc6 19. Be5 f6 20. Bb2 Rxc2 21. Qf3 b6 22. Qe4 Qe2 23. Qd5+ Kh8 24. Ba3 Rd2 25. Qb5 Qxb5 26. Rxb5 Rxa2 27. Bxe7 Re8 28. Bd6 Rd8 29. Bg3 Bf8 30. h4 Bc5 31. Rc1 Rdd2 32. Kh2 a6 33. Rb3 a5 34. h5 a4 35. Rbb1 Rac2 36. Rxc2 Rxc2 37. h6 Rd2 0-1

[Event "BCF-chT 2223 (4NCL)"]
[Site "England"]
[Date "2022.10.22"]
[Round "1.5"]
[White "Redmond, John P"]
[Black "Zulfic, Fedja"]
[Result "1/2-1/2"]
[WhiteElo "2201"]
[BlackElo "2157"]
[PlyCount "22"]
[EventDate "2022.10.22"]
[EventType "team-swiss"]
[EventRounds "11"]
[EventCountry "ENG"]
[SourceTitle "CBM 210 Extra"]
[Source "ChessBase"]
[SourceDate "2022.11.30"]
[SourceVersion "1"]
[SourceVersionDate "2022.11.30"]
[SourceQuality "1"]
[WhiteTeam "West is Best"]
[BlackTeam "Celtic Tigers"]
[WhiteTeamCountry "ENG"]
[BlackTeamCountry "ENG"]

1. Nf3 Nf6 2. c4 g6 3. Nc3 d5 4. cxd5 Nxd5 5. Qa4+ Nc6 6. Ne5 Qd6 7. Nxc6 Qxc6 8. Qxc6+ bxc6 9. g3 Bg7 10. Bg2 Be6 11. 0-0 Rb8 1/2-1/2

[Event "BCF-chT 2122 (4NCL)"]
[Site "England"]
[Date "2022.06.26"]
[Round "11.54"]
[White "Zulfic, Fedja"]
[Black "O'Donnell, Conor"]
[Result "1/2-1/2"]
[WhiteElo "2166"]
[BlackElo "2281"]
[PlyCount "46"]
[EventDate "2021.11.27"]
[EventType "team-swiss"]
[EventRounds "11"]
[EventCountry "ENG"]
[SourceTitle "EXT 2023"]
[Source "ChessBase"]
[SourceDate "2022.10.05"]
[SourceVersion "1"]
[SourceVersionDate "2022.10.05"]
[SourceQuality "1"]
[WhiteTeam "Celtic Tigers"]
[BlackTeam "Wood Green Youth"]
[WhiteTeamCountry "ENG"]
[BlackTeamCountry "ENG"]

1. d4 f5 2. Nf3 Nf6 3. g3 e6 4. Bg2 d5 5. 0-0 Bd6 6. b3 Qe7 7. a4 a5 8. Ba3 Bxa3 9. Nxa3 0-0 10. c4 c6 11. Nc2 Nbd7 12. Nce1 b6 13. Nd3 Bb7 14. Nfe5 Rfd8 15. cxd5 cxd5 16. Rc1 Rac8 17. Qd2 Qa3 18. Nxd7 Nxd7 19. Qe3 Kf7 20. Qf4 Qe7 21. h4 Ba6 22. Ne5+ Nxe5 23. Qxe5 Qd7 1/2-1/2

[Event "BCF-chT 2122 (4NCL)"]
[Site "England"]
[Date "2021.11.28"]
[Round "2.82"]
[White "Zulfic, Fedja"]
[Black "Wall, Gavin"]
[Result "1-0"]
[WhiteElo "2166"]
[BlackElo "2312"]
[PlyCount "55"]
[EventDate "2021.11.27"]
[EventType "team-swiss"]
[EventRounds "11"]
[EventCountry "ENG"]
[SourceTitle "EXT 2023"]
[Source "ChessBase"]
[SourceDate "2022.10.05"]
[SourceVersion "1"]
[SourceVersionDate "2022.10.05"]
[SourceQuality "1"]
[WhiteTeam "Celtic Tigers"]
[BlackTeam "Gonzaga"]
[WhiteTeamCountry "ENG"]
[BlackTeamCountry "ENG"]

1. d4 f5 2. e4 fxe4 3. Nc3 Nf6 4. Bg5 Nc6 5. d5 Ne5 6. Qe2 c6 7. 0-0-0 Nxd5 8. Nxd5 Nf7 9. Nf4 Nxg5 10. Qh5+ Nf7 11. Bc4 g6 12. Bxf7+ Kxf7 13. Nxg6 hxg6 14. Qxh8 Qa5 15. Nh3 Bg7 16. Qh4 Qxa2 17. Ng5+ Kf8 18. c3 d6 19. Qf4+ Kg8 20. g4 Qc4 21. Rhe1 e5 22. Qg3 d5 23. Qh4 d4 24. Rxe4 Be6 25. Qh7+ Kf8 26. Qxg6 Bd5 27. Rdxd4 Bxe4 28. Qd6+ 1-0

[Event "BCF-chTa 1920 (4NCL)"]
[Site "Daventry"]
[Date "2020.02.09"]
[Round "6.43"]
[White "Zulfic, Fedja"]
[Black "House, Glenn"]
[Result "0-1"]
[WhiteElo "2156"]
[BlackElo "2239"]
[PlyCount "82"]
[EventDate "2019.11.09"]
[EventType "team-tourn"]
[EventRounds "11"]
[EventCountry "ENG"]
[SourceTitle "CBM 194 Extra"]
[Source "ChessBase"]
[SourceDate "2020.03.31"]
[SourceVersion "1"]
[SourceVersionDate "2020.03.31"]
[SourceQuality "1"]
[WhiteTeam "Celtic Tigers"]
[BlackTeam "Spirit of Atticus"]
[WhiteTeamCountry "ENG"]
[BlackTeamCountry "ENG"]

1. e4 c5 2. Nf3 e6 3. d4 cxd4 4. Nxd4 Nf6 5. Nc3 d6 6. Be3 Be7 7. f3 0-0 8. Qd2 d5 9. e5 Nfd7 10. f4 Nc6 11. 0-0-0 a6 12. Kb1 Qc7 13. g4 Nxd4 14. Bxd4 b5 15. Bg2 b4 16. Ne2 a5 17. g5 Bb7 18. Rhf1 g6 19. h4 Rfc8 20. h5 Ba6 21. hxg6 hxg6 22. f5 Qxc2+ 23. Qxc2 Rxc2 24. fxe6 fxe6 25. Bh3 Rc6 26. Rf2 Rac8 27. Nf4 Nf8 28. Rg2 a4 29. Rh1 R8c7 30. Rg3 Bc8 31. Bg2 Bc5 32. Bxc5 Rxc5 33. Nd3 Rc4 34. Nf2 Rh7 35. Rd1 Rhh4 36. Bf3 Rcf4 37. Ng4 Rxf3 38. Rxf3 Rxg4 39. Rc1 Bd7 40. Rcf1 Nh7 41. Rf7 Bb5 0-1

[Event "BCF-chTa 1920 (4NCL)"]
[Site "Daventry"]
[Date "2020.01.11"]
[Round "3.25"]
[White "Zulfic, Fedja"]
[Black "Taylor, Martin R"]
[Result "1-0"]
[WhiteElo "2156"]
[BlackElo "2345"]
[PlyCount "53"]
[EventDate "2019.11.09"]
[EventType "team-tourn"]
[EventRounds "11"]
[EventCountry "ENG"]
[SourceTitle "CBM 194 Extra"]
[Source "ChessBase"]
[SourceDate "2020.03.31"]
[SourceVersion "1"]
[SourceVersionDate "2020.03.31"]
[SourceQuality "1"]
[WhiteTeam "Celtic Tigers"]
[BlackTeam "Barbican"]
[WhiteTeamCountry "ENG"]
[BlackTeamCountry "ENG"]

1. d4 d5 2. c4 e6 3. Nf3 Nf6 4. e3 c6 5. Nc3 Nbd7 6. Qc2 b6 7. Bd3 Bb7 8. 0-0 Be7 9. b3 0-0 10. Bb2 Qc7 11. Rad1 Rfe8 12. Ne5 Nxe5 13. dxe5 Ng4 14. Bxh7+ Kh8 15. Qe2 Kxh7 16. Qxg4 Rad8 17. f4 f5 18. exf6 Bxf6 19. Nxd5 cxd5 20. Bxf6 gxf6 21. Rf3 Qg7 22. Qh5+ Kg8 23. Rg3 Qxg3 24. hxg3 Kg7 25. cxd5 Bxd5 26. f5 exf5 27. Rxd5 1-0

[Event "London Chess Classic: Blitz B"]
[Site "London"]
[Date "2019.12.08"]
[Round "8"]
[White "Zulfic, Fedja"]
[Black "Cox, John J"]
[Result "1-0"]
[WhiteElo "2032"]
[BlackElo "2346"]
[PlyCount "69"]
[EventDate "2019.12.08"]
[EventType "swiss (blitz)"]
[EventRounds "11"]
[EventCountry "ENG"]
[SourceTitle "EXT 2021"]
[Source "ChessBase"]
[SourceDate "2020.10.23"]
[SourceVersion "1"]
[SourceVersionDate "2020.10.23"]
[SourceQuality "1"]

1. d4 Nf6 2. Nf3 c5 3. d5 e6 4. c4 exd5 5. cxd5 d6 6. Nc3 g6 7. h3 Bg7 8. e4 a6 9. a4 Nbd7 10. Bf4 Qe7 11. Bd3 Nh5 12. Bh2 Ne5 13. Be2 Rb8 14. 0-0 Nxf3+ 15. Bxf3 Nf6 16. e5 dxe5 17. Bxe5 Ra8 18. d6 Qd8 19. Nd5 0-0 20. Ne7+ Kh8 21. Rc1 Nd7 22. Bxg7+ Kxg7 23. Qb3 Rb8 24. Rfd1 Ne5 25. Qc3 f6 26. Be2 Bd7 27. f4 Nf7 28. g4 Bxa4 29. g5 Nxd6 30. gxf6+ Rxf6 31. Nd5 Bxd1 32. Rxd1 Ne4 33. Qe5 Ng3 34. Bc4 Nf5 35. Bb3 1-0

[Event "London Chess Classic: Blitz B"]
[Site "London"]
[Date "2019.12.08"]
[Round "6"]
[White "Zulfic, Fedja"]
[Black "Iyengar, Ilya"]
[Result "1-0"]
[WhiteElo "2032"]
[BlackElo "1984"]
[PlyCount "113"]
[EventDate "2019.12.08"]
[EventType "swiss (blitz)"]
[EventRounds "11"]
[EventCountry "ENG"]
[SourceTitle "EXT 2021"]
[Source "ChessBase"]
[SourceDate "2020.10.23"]
[SourceVersion "1"]
[SourceVersionDate "2020.10.23"]
[SourceQuality "1"]

1. d4 Nf6 2. c4 g6 3. Nc3 Bg7 4. e4 d6 5. Nf3 0-0 6. Be2 e5 7. 0-0 Nc6 8. d5 Ne7 9. b4 Nh5 10. Re1 h6 11. Bf1 f5 12. c5 Nf6 13. Ba3 fxe4 14. Nxe4 Nfxd5 15. cxd6 cxd6 16. Bc4 Be6 17. b5 Nf4 18. Bxe6+ Nxe6 19. Bxd6 Nd4 20. Nxd4 exd4 21. Qg4 Kh7 22. Rad1 Rf7 23. Bxe7 Qxe7 24. h4 Qd7 25. Qg3 Raf8 26. f3 Qc7 27. Qh3 Qd7 28. Qg3 Qc7 29. Qf2 Rd8 30. h5 gxh5 31. Qh4 Qe5 32. Ng3 Qg5 33. Qe4+ Qg6 34. Qh4 Qg5 35. Qxg5 hxg5 36. Nxh5 Rf5 37. Re7 Rg8 38. Rxd4 Kh6 39. Nxg7 Rxg7 40. Rxg7 Kxg7 41. Rd7+ Kg6 42. Rxb7 Kf6 43. a4 Rf4 44. Rxa7 Rb4 45. Ra6+ Kf5 46. b6 Kf4 47. a5 Kg3 48. Kf1 Rb1+ 49. Ke2 Kxg2 50. Ra8 Rb2+ 51. Ke3 Rb3+ 52. Ke4 Rxf3 53. b7 g4 54. b8Q g3 55. Qb2+ Rf2 56. Qxf2+ gxf2 57. Rf8 1-0

[Event "London Chess Classic: Blitz B"]
[Site "London"]
[Date "2019.12.08"]
[Round "10"]
[White "Zulfic, Fedja"]
[Black "Onslow, Teddy"]
[Result "1/2-1/2"]
[WhiteElo "2032"]
[BlackElo "1647"]
[PlyCount "103"]
[EventDate "2019.12.08"]
[EventType "swiss (blitz)"]
[EventRounds "11"]
[EventCountry "ENG"]
[SourceTitle "EXT 2021"]
[Source "ChessBase"]
[SourceDate "2020.10.23"]
[SourceVersion "1"]
[SourceVersionDate "2020.10.23"]
[SourceQuality "1"]

1. d4 d5 2. c4 e6 3. Nf3 Nf6 4. e3 c6 5. Nbd2 Bd6 6. Bd3 dxc4 7. Nxc4 Bc7 8. 0-0 Nbd7 9. b4 b5 10. Nce5 Nxe5 11. Nxe5 Bxe5 12. dxe5 Nd5 13. a3 a5 14. Bd2 axb4 15. axb4 Rxa1 16. Qxa1 Nxe3 17. Bxe3 Qxd3 18. Rd1 Qb3 19. Bc5 f6 20. exf6 gxf6 21. Rb1 Qd3 22. Rd1 Qb3 23. Re1 Kf7 24. Re3 Qd5 25. h4 Rg8 26. g3 e5 27. Qb1 Rg7 28. Rd3 Qe6 29. Qd1 Kg6 30. Rd6 Qf5 31. Rxc6 Bb7 32. Rb6 Bf3 33. Qc1 Qh3 34. Qf1 Qxf1+ 35. Kxf1 Bd5 36. Ke2 Bc4+ 37. Ke3 Rd7 38. Rd6 Rxd6 39. Bxd6 Kf5 40. Be7 Ke6 41. Bf8 Kd5 42. Bc5 Ke6 43. f4 exf4+ 44. Kxf4 Kf7 45. Bd4 Be6 46. Bc3 f5 47. Kg5 Kg8 48. Kh6 Bd7 49. Be5 Be6 50. Kg5 Bd7 51. Kf6 Kf8 52. Bd6+ 1/2-1/2

[Event "Gold Coast op"]
[Site "Gold Coast"]
[Date "2019.07.01"]
[Round "9"]
[White "Benet Morant, Damia"]
[Black "Zulfic, Fedja"]
[Result "0-1"]
[WhiteElo "2082"]
[BlackElo "2160"]
[PlyCount "102"]
[EventDate "2019.06.27"]
[EventType "swiss"]
[EventRounds "9"]
[EventCountry "AUS"]
[SourceTitle "CBM 191 Extra"]
[Source "ChessBase"]
[SourceDate "2019.09.30"]
[SourceVersion "1"]
[SourceVersionDate "2019.09.30"]
[SourceQuality "1"]

1. Nf3 Nf6 2. c4 g6 3. Nc3 d5 4. cxd5 Nxd5 5. h4 Nc6 6. h5 Bg7 7. e4 Ndb4 8. d3 Bg4 9. a3 Bxf3 10. gxf3 Na6 11. f4 Qd7 12. Be3 0-0-0 13. Rc1 e6 14. b4 Nd4 15. h6 Bf8 16. Nd5 exd5 17. Bxd4 Rg8 18. Bf6 Re8 19. Bh3 Re6 20. Qb3 Bxh6 21. Kf1 Bxf4 22. exd5 Rxf6 23. Bxd7+ Kxd7 24. Rc2 h5 25. b5 Nb8 26. Rh4 g5 27. Rxh5 g4 28. Kg2 Bd6 29. Qc3 Rf3 30. Rh8 Rg5 31. Qe1 Be5 32. Rh7 Rgf5 33. d4 Bxd4 34. Qe4 R3f4 35. Qe6+ Kd8 36. Qh6 Nd7 37. Rh8+ Bxh8 38. Qxh8+ Ke7 39. Qc8 Ne5 40. Qxc7+ Kf6 41. Re2 Kg5 42. Qc3 Rf3 43. Qd2+ Kh4 44. Qh6+ Rh5 45. Qf8 Ng6 46. Qd8+ f6 47. Re4 Rhf5 48. Re1 Rxf2+ 49. Kg1 Ne5 50. Qh8+ Kg3 51. Qb8 Rg2+ 0-1

[Event "Gold Coast op"]
[Site "Gold Coast"]
[Date "2019.07.01"]
[Round "8"]
[White "Zulfic, Fedja"]
[Black "Goh, Sean Christian"]
[Result "1/2-1/2"]
[WhiteElo "2160"]
[BlackElo "1981"]
[PlyCount "51"]
[EventDate "2019.06.27"]
[EventType "swiss"]
[EventRounds "9"]
[EventCountry "AUS"]
[SourceTitle "CBM 191 Extra"]
[Source "ChessBase"]
[SourceDate "2019.09.30"]
[SourceVersion "1"]
[SourceVersionDate "2019.09.30"]
[SourceQuality "1"]

1. e4 e5 2. Nf3 Nc6 3. Bb5 a6 4. Ba4 Nf6 5. d4 exd4 6. 0-0 Be7 7. Re1 b5 8. e5 Nxe5 9. Rxe5 bxa4 10. Nxd4 0-0 11. Nf5 Re8 12. Bg5 d6 13. Nxe7+ Rxe7 14. Bxf6 gxf6 15. Rh5 Re5 16. Nc3 a3 17. bxa3 Bb7 18. Rb1 Bc6 19. Rxe5 fxe5 20. Nd5 Bxd5 21. Qxd5 Rb8 22. Rb3 Rxb3 23. axb3 Qg5 24. Qd1 e4 25. h3 d5 26. Qd4 1/2-1/2

[Event "Adelaide Lidums IM"]
[Site "Adelaide"]
[Date "2018.12.12"]
[Round "6.4"]
[White "Cameron, Alistair"]
[Black "Zulfic, Fedja"]
[Result "1-0"]
[WhiteElo "2102"]
[BlackElo "2204"]
[PlyCount "75"]
[EventDate "2018.12.08"]
[EventType "tourn"]
[EventRounds "9"]
[EventCountry "AUS"]
[EventCategory "1"]
[SourceTitle "CBM 187 Extra"]
[Source "ChessBase"]
[SourceDate "2018.11.04"]
[SourceVersion "1"]
[SourceVersionDate "2018.11.04"]
[SourceQuality "1"]

1. d4 Nf6 2. c4 c5 3. d5 b5 4. cxb5 a6 5. bxa6 g6 6. Nc3 Bg7 7. e4 0-0 8. a7 Rxa7 9. Nf3 Qa5 10. Bd2 Qb6 11. Nb5 Ra8 12. Qc2 d6 13. h3 e6 14. dxe6 Bxe6 15. Be2 Bxa2 16. 0-0 c4 17. Rxa2 Rxa2 18. Bxc4 Ra8 19. Be3 Qc6 20. e5 dxe5 21. Qb3 Nbd7 22. Rc1 Kh8 23. Bxf7 Qb7 24. Rc7 Qa6 25. Bc4 Rac8 26. Ng5 h6 27. Ne6 Rfe8 28. Kh2 Rb8 29. Nxg7 Kxg7 30. Qd3 Red8 31. Nd6 Qa5 32. Ra7 Qb4 33. Nf7 Qxb2 34. Bxh6+ Kh7 35. Nxd8 Rxd8 36. Bg5 Qb8 37. Bxf6 e4+ 38. Qg3 1-0

[Event "Adelaide Lidums IM"]
[Site "Adelaide"]
[Date "2018.12.10"]
[Round "4"]
[White "Clarke, Brandon GI"]
[Black "Zulfic, Fedja"]
[Result "1-0"]
[WhiteElo "2386"]
[BlackElo "2204"]
[PlyCount "121"]
[EventDate "2018.12.08"]
[EventType "tourn"]
[EventRounds "9"]
[EventCountry "AUS"]
[EventCategory "1"]
[SourceTitle "CBM 187 Extra"]
[Source "ChessBase"]
[SourceDate "2018.11.04"]
[SourceVersion "1"]
[SourceVersionDate "2018.11.04"]
[SourceQuality "1"]

1. e4 c5 2. Nf3 Nc6 3. d4 cxd4 4. Nxd4 g6 5. Nc3 Bg7 6. Be3 Nf6 7. Bc4 0-0 8. Bb3 a5 9. 0-0 d6 10. f3 Nxd4 11. Bxd4 Bd7 12. a4 Bc6 13. Nd5 Nd7 14. Ra3 Nc5 15. Bxg7 Kxg7 16. Qd4+ e5 17. Qe3 f5 18. exf5 Rxf5 19. Rd1 Qh4 20. Qf2 Qg5 21. h4 Qd8 22. Ne3 Rf4 23. Nc4 Rxh4 24. Rxd6 Qg5 25. Qxc5 Rh1+ 26. Kf2 Qh4+ 27. Ke2 Qe1+ 28. Kd3 e4+ 29. fxe4 Bxe4+ 30. Kd4 Qf2+ 31. Ne3 Rd1+ 32. Kc3 Rxd6 33. Qc7+ Kh8 34. Qxd6 Qxe3+ 35. Kc4 Qe2+ 36. Kd4 Qd2+ 37. Ke5 Re8+ 38. Be6 Qg5+ 39. Kxe4 Qf5+ 40. Kd4 Rxe6 41. Qb8+ Kg7 42. Qxb7+ Kh6 43. Rh3+ Kg5 44. Rg3+ Kh6 45. Rh3+ Kg5 46. Qd5 h5 47. Rg3+ Kh6 48. Qxf5 gxf5 49. c4 h4 50. Rg8 Re4+ 51. Kd3 Rf4 52. c5 Rf1 53. Kd4 Kh7 54. Ra8 Rc1 55. Kd5 f4 56. Rf8 h3 57. gxh3 Rf1 58. c6 Kg7 59. c7 Rd1+ 60. Ke4 Re1+ 61. Kf5 1-0

[Event "Adelaide Lidums IM"]
[Site "Adelaide"]
[Date "2018.12.08"]
[Round "1"]
[White "Zulfic, Fedja"]
[Black "Chan, Luis"]
[Result "1/2-1/2"]
[WhiteElo "2204"]
[BlackElo "2261"]
[PlyCount "43"]
[EventDate "2018.12.08"]
[EventType "tourn"]
[EventRounds "9"]
[EventCountry "AUS"]
[EventCategory "1"]
[SourceTitle "CBM 187 Extra"]
[Source "ChessBase"]
[SourceDate "2018.11.04"]
[SourceVersion "1"]
[SourceVersionDate "2018.11.04"]
[SourceQuality "1"]

1. d4 Nf6 2. c4 e6 3. Nf3 d5 4. e3 c6 5. Nbd2 Nbd7 6. Bd3 Bd6 7. 0-0 0-0 8. e4 dxe4 9. Nxe4 Nxe4 10. Bxe4 h6 11. b3 e5 12. Bc2 f5 13. dxe5 Nxe5 14. Bb2 Qc7 15. Nxe5 Bxe5 16. Bxe5 Qxe5 17. Re1 Qf6 18. Qe2 Bd7 19. Qe7 Qxe7 20. Rxe7 Rf7 21. Rae1 Kf8 22. Rxf7+ 1/2-1/2

[Event "Gold Coast op"]
[Site "Gold Coast"]
[Date "2018.07.02"]
[Round "8"]
[White "Clarke, Brandon GI"]
[Black "Zulfic, Fedja"]
[Result "1/2-1/2"]
[WhiteElo "2411"]
[BlackElo "2179"]
[PlyCount "119"]
[EventDate "2018.06.28"]
[EventType "swiss"]
[EventRounds "9"]
[EventCountry "AUS"]
[SourceTitle "CBM 185 Extra"]
[Source "ChessBase"]
[SourceDate "2018.07.29"]
[SourceVersion "1"]
[SourceVersionDate "2018.07.29"]
[SourceQuality "1"]

1. e4 c5 2. Nf3 Nf6 3. e5 Nd5 4. Nc3 e6 5. Nxd5 exd5 6. d4 Nc6 7. dxc5 Bxc5 8. Qxd5 Qb6 9. Bd3 Nb4 10. Qe4 Nxd3+ 11. cxd3 Bxf2+ 12. Kf1 Bc5 13. d4 Be7 14. d5 Bc5 15. d6 Qb5+ 16. Qe2 Qxe2+ 17. Kxe2 0-0 18. Be3 b6 19. Bxc5 bxc5 20. Rhc1 Ba6+ 21. Ke3 Rac8 22. Rc3 f6 23. Rac1 fxe5 24. Rxc5 Rxc5 25. Rxc5 Rf6 26. Nxe5 Rxd6 27. Rc7 Re6 28. Kd4 d6 29. Nf3 h6 30. Rxa7 Bf1 31. b4 Bxg2 32. Nd2 Re2 33. Kd3 Re5 34. a4 Rh5 35. b5 Rxh2 36. b6 Rh4 37. a5 Rb4 38. Kc3 Rb5 39. Nc4 h5 40. Nxd6 Rb1 41. Nf5 Kf8 42. Rxg7 Be4 43. Rg5 Rb5 44. Nd4 Rxg5 45. Ne6+ Ke7 46. Nxg5 Bb7 47. Kc4 Ba6+ 48. Kc5 Kd7 49. Nf3 Kc8 50. Kd6 Bb7 51. Nh4 Kb8 52. Kd7 Be4 53. a6 Bd3 54. a7+ Kb7 55. Kd6 Be4 56. Kc5 Ka8 57. Kd4 Bc6 58. Ng6 Kb7 59. Ne5 Bg2 60. Ng6 1/2-1/2

[Event "Gold Coast op"]
[Site "Gold Coast"]
[Date "2018.07.01"]
[Round "6"]
[White "Wohl, Aleksandar H"]
[Black "Zulfic, Fedja"]
[Result "1/2-1/2"]
[WhiteElo "2335"]
[BlackElo "2179"]
[PlyCount "70"]
[EventDate "2018.06.28"]
[EventType "swiss"]
[EventRounds "9"]
[EventCountry "AUS"]
[SourceTitle "CBM 185 Extra"]
[Source "ChessBase"]
[SourceDate "2018.07.29"]
[SourceVersion "1"]
[SourceVersionDate "2018.07.29"]
[SourceQuality "1"]

1. c4 g6 2. g3 Bg7 3. Bg2 c5 4. Nc3 Nc6 5. d3 d6 6. e4 e5 7. Be3 Nge7 8. Qd2 0-0 9. h4 h5 10. Nd5 Nxd5 11. cxd5 Nd4 12. Nf3 Bd7 13. 0-0 Bh3 14. Bxd4 Bxg2 15. Kxg2 cxd4 16. Rac1 Qd7 17. Rc4 f5 18. Ng5 Bh6 19. f3 Rac8 20. Rfc1 Rxc4 21. Rxc4 fxe4 22. dxe4 Rc8 23. Qc1 Rxc4 24. Qxc4 Bxg5 25. hxg5 b5 26. Qc6 Qe7 27. Qxb5 Qxg5 28. Qb8+ Kg7 29. Qc7+ Kh6 30. Qxd6 d3 31. Qf8+ Kh7 32. Qf7+ Kh8 33. d6 d2 34. Qe7 d1Q 35. Qxg5 Qe2+ 1/2-1/2

[Event "Bangkok Cha Am op 18th"]
[Site "Bangkog"]
[Date "2018.04.15"]
[Round "3"]
[White "Zulfic, Fedja"]
[Black "Lam, Ross"]
[Result "1/2-1/2"]
[WhiteElo "2156"]
[BlackElo "1924"]
[PlyCount "120"]
[EventDate "2018.04.13"]
[EventType "swiss"]
[EventRounds "9"]
[EventCountry "THA"]
[SourceTitle "CBM 184 Extra"]
[Source "ChessBase"]
[SourceDate "2018.06.28"]
[SourceVersion "1"]
[SourceVersionDate "2018.06.28"]
[SourceQuality "1"]

1. d4 Nf6 2. Nf3 d5 3. Bf4 c5 4. e3 Nc6 5. c3 Qb6 6. Qb3 c4 7. Qc2 Bf5 8. Qc1 h6 9. h3 e6 10. Nbd2 Qd8 11. Bg3 Be7 12. Be2 0-0 13. 0-0 b5 14. Ne5 Nxe5 15. dxe5 Nd7 16. b4 a5 17. a3 Qc7 18. Nf3 Rfb8 19. Rd1 Bg6 20. Bh2 Ra6 21. Qb2 Rb7 22. Bf4 Qb8 23. Qd2 Bd8 24. Bh2 Bh7 25. g4 Rba7 26. Qb2 Rb7 27. Bg3 Bc7 28. bxa5 Nxe5 29. Nxe5 Bxe5 30. Bxe5 Qxe5 31. Bxc4 Qb8 32. Bf1 Rxa5 33. Rd4 Be4 34. Rb4 h5 35. a4 hxg4 36. hxg4 d4 37. Rxd4 bxa4 38. Qd2 Rd5 39. Raxa4 Rb2 40. Ra8 Qxa8 41. Qxb2 Rg5 42. Qb6 Rxg4+ 43. Kh2 Kh7 44. Qd8 Qxd8 45. Rxd8 Bd5 46. f4 Kg6 47. c4 Be4 48. Rh8 Kf6 49. Bh3 Rg6 50. Rc8 Ke7 51. Rc7+ Kd6 52. Rxf7 Bd3 53. f5 exf5 54. Bxf5 Bxf5 55. Rxf5 Re6 56. Rg5 Rxe3 57. Rxg7 Rc3 58. Rg4 Kc5 59. Kg2 Rxc4 60. Rxc4+ Kxc4 1/2-1/2

[Event "Doeberl Cup 56th"]
[Site "Canberra"]
[Date "2018.04.02"]
[Round "9"]
[White "Dale, Ari"]
[Black "Zulfic, Fedja"]
[Result "1-0"]
[WhiteElo "2374"]
[BlackElo "2156"]
[PlyCount "45"]
[EventDate "2018.03.29"]
[EventType "swiss"]
[EventRounds "9"]
[EventCountry "AUS"]
[SourceTitle "CBM 187 Extra"]
[Source "ChessBase"]
[SourceDate "2018.11.04"]
[SourceVersion "1"]
[SourceVersionDate "2018.11.04"]
[SourceQuality "1"]

1. d4 Nf6 2. c4 g6 3. Nc3 d5 4. cxd5 Nxd5 5. e4 Nxc3 6. bxc3 Bg7 7. Nf3 c5 8. Be3 Qa5 9. Qd2 0-0 10. Rb1 b6 11. Rc1 Bb7 12. d5 c4 13. Bh6 Qc5 14. h4 Nd7 15. h5 Nf6 16. Bxg7 Kxg7 17. hxg6 fxg6 18. Qh6+ Kg8 19. Ng5 Bxd5 20. exd5 Qxd5 21. Nxh7 Qe4+ 22. Be2 Ng4 23. Ng5 1-0

[Event "Doeberl Cup 56th"]
[Site "Canberra"]
[Date "2018.03.31"]
[Round "6"]
[White "Zulfic, Fedja"]
[Black "Bennett, Hilton Petrie"]
[Result "1-0"]
[WhiteElo "2156"]
[BlackElo "1911"]
[PlyCount "103"]
[EventDate "2018.03.29"]
[EventType "swiss"]
[EventRounds "9"]
[EventCountry "AUS"]
[SourceTitle "CBM 187 Extra"]
[Source "ChessBase"]
[SourceDate "2018.11.04"]
[SourceVersion "1"]
[SourceVersionDate "2018.11.04"]
[SourceQuality "1"]

1. d4 Nf6 2. Nf3 g6 3. c4 Bg7 4. Nc3 d6 5. e4 0-0 6. Be2 Na6 7. 0-0 e5 8. Re1 c6 9. Bf1 Bg4 10. d5 cxd5 11. cxd5 Nc5 12. b4 Ncd7 13. h3 Bxf3 14. Qxf3 Nh5 15. Nb5 Nb6 16. Be3 a6 17. Na3 f5 18. exf5 Rxf5 19. Qd1 Rf8 20. Rc1 Rc8 21. Qg4 Rxc1 22. Rxc1 Nf4 23. Rd1 Kh8 24. Nc4 Nxc4 25. Bxc4 Qc8 26. Qxc8 Rxc8 27. Bb3 Kg8 28. Kf1 Kf8 29. g3 Nh5 30. Ke2 Ke8 31. a4 Rc3 32. Rb1 Nf6 33. b5 axb5 34. axb5 Ne4 35. b6 Nc5 36. Bxc5 Rxc5 37. Ra1 Rc8 38. Ra7 Rb8 39. Ra4 Bf6 40. f4 exf4 41. Re4+ Kf7 42. Rxf4 Re8+ 43. Kd3 Kg7 44. Rc4 Bd8 45. Rc8 Kf7 46. Rb8 Kf6 47. Rxb7 h5 48. Rd7 Ke5 49. b7 Bb6 50. Re7+ Rxe7 51. b8Q Bc5 52. Qh8+ 1-0

[Event "Doeberl Cup 56th"]
[Site "Canberra"]
[Date "2018.03.30"]
[Round "3"]
[White "Fasakin, Oladoyin"]
[Black "Zulfic, Fedja"]
[Result "0-1"]
[WhiteElo "1984"]
[BlackElo "2156"]
[PlyCount "90"]
[EventDate "2018.03.29"]
[EventType "swiss"]
[EventRounds "9"]
[EventCountry "AUS"]
[SourceTitle "EXT 2023"]
[Source "ChessBase"]
[SourceDate "2022.10.05"]
[SourceVersion "1"]
[SourceVersionDate "2022.10.05"]
[SourceQuality "1"]

1. e4 c5 2. Nf3 Nc6 3. d4 cxd4 4. Nxd4 g6 5. Nc3 Bg7 6. Be3 Nf6 7. Bc4 d6 8. f3 Bd7 9. Qd2 Rc8 10. Bb3 h5 11. 0-0-0 Ne5 12. Kb1 Nc4 13. Bxc4 Rxc4 14. b3 Rc8 15. Bg5 Rc5 16. Rhe1 0-0 17. h3 Qa5 18. Bxf6 Bxf6 19. Nd5 Rxd5 20. exd5 Qxd5 21. g4 Rc8 22. c4 Qc5 23. Nc2 b5 24. cxb5 Bc3 25. Qe3 Bxe1 26. Qxc5 Rxc5 27. Rxe1 hxg4 28. hxg4 Bxb5 29. Kb2 e5 30. Re3 a5 31. a4 Bc6 32. Ne1 f6 33. Nc2 d5 34. Ne1 d4 35. Rd3 Kf7 36. Nc2 Ke6 37. Na3 g5 38. Nc2 Be8 39. Na3 Bg6 40. Rd2 Rc3 41. Nc4 Rxf3 42. Nxa5 d3 43. Nc4 e4 44. a5 e3 45. Rxd3 Bxd3 0-1